Art fundamentals : theory and practice

Bibliographic Details
Main Author: Ocvirk, Otto G. (Author)
Format: Book
Published: Boston, Mass. : McGraw Hill , c2002
Edition:9th ed
Subjects:

MARC

LEADER 00000cam a2200000 7i4500
001 0000007509
005 20061203093000.0
008 021119s2002
020 |a 007240700X 
020 |a 0072483512 
090 0 0 |a N7430   |b .A697 2002 kit 
245 1 0 |a Art fundamentals :   |b theory and practice   |c Otto G. Ocvirk ... [et al.] 
250 |a 9th ed 
260 2 |a Boston, Mass. :   |b McGraw Hill ,   |c c2002 
300 |a x, 354 p. :   |b ill. (chiefly col.) ;   |c 28 cm.   |e 1 CD-ROM (4 3/4 in.) 
504 |a Includes bibliographical references [p. 343-344] and index 
650 0 |a Art   |x Technique 
700 0 |a Ocvirk, Otto G. ,   |e author 
999 |a 1000105715   |b Book   |c OPEN SHELF (30 DAYS)   |e Gong Badak Campus 
999 |a 1000105716   |b CD-ROM   |c Close Access   |e Gong Badak Campus